书目信息 |
| 题名: |
工作的开始
|
|
| 作者: | 黄守刚 , 张鑫 编著 | |
| 分册: | ||
| 出版信息: | 北京 机械工业出版社 2010.05 |
|
| 页数: | 283页 | |
| 开本: | 27cm | |
| 丛书名: | 工作的开始系列 | |
| 单 册: | ||
| 中图分类: | U238 | |
| 科图分类: | ||
| 主题词: | 高速铁路--铁路工程--工程施工 | |
| 电子资源: | ||
| ISBN: | 978-7-111-30306-0 | |
| 000 | 01150nam 2200289 450 | |
| 001 | 012010000000 | |
| 005 | 20101009172844.39 | |
| 010 | @a978-7-111-30306-0@dCNY38.00 | |
| 100 | @a20101129d2010 em y0chiy0110 ea | |
| 101 | 0 | @achi |
| 102 | @aCN@b110000 | |
| 105 | @aa a 000yy | |
| 200 | 1 | @a工作的开始@Agong zuo de kai shi@e高速铁路施工新技术@f李向国, 黄守刚, 张鑫等编著 |
| 210 | @a北京@c机械工业出版社@d2010.05 | |
| 215 | @a283页@c图@d27cm | |
| 225 | 2 | @a工作的开始系列@AGong Zuo De Kai Shi Xi Lie |
| 320 | @a有书目 (第282-283页) | |
| 330 | @a高速铁路不同于普通铁路,其运营速度快、建设标准高、施工难度大、施工工艺新。本书立足于我国高速铁路建设实际情况,突出高速铁路与普通铁路在施工上的异同点和创新点;在传承普通铁路施工技术的基础上,着重阐述高速铁路施工的新技术、新工艺、新设备、新材料。 | |
| 333 | @a相关专业工程技术人员及管理人员 | |
| 410 | 0 | @12001 @a工作的开始系列 |
| 517 | 1 | @a高速铁路施工新技术@AGao Su Tie Lu Shi Gong Xin Ji Shu |
| 606 | 0 | @a高速铁路@x铁路工程@x工程施工 |
| 690 | @aU238@v4 | |
| 701 | 0 | @a黄守刚@Ahuang shou gang@4编著 |
| 701 | 0 | @a张鑫@Azhang xin@4编著 |
| 801 | 0 | @aCN@c20101129 |
| 905 | @dU238@eL292 | |
| 工作的开始:高速铁路施工新技术/李向国, 黄守刚, 张鑫等编著.-北京:机械工业出版社,2010.05 |
| 283页:图;27cm.-(工作的开始系列) |
| 使用对象:相关专业工程技术人员及管理人员 |
| ISBN 978-7-111-30306-0:CNY38.00 |
| 高速铁路不同于普通铁路,其运营速度快、建设标准高、施工难度大、施工工艺新。本书立足于我国高速铁路建设实际情况,突出高速铁路与普通铁路在施工上的异同点和创新点;在传承普通铁路施工技术的基础上,着重阐述高速铁路施工的新技术、新工艺、新设备、新材料。 |
| ● |
| 相关链接 |
|
|
|
正题名:工作的开始
索取号:U238/L292
 
预约/预借
| 序号 | 登录号 | 条形码 | 馆藏地/架位号 | 状态 | 备注 |
| 1 | 1032838 | 210328386 | 自科库501/501自科库 79排1列3层/ [索取号:U238/L292] | 在馆 | |
| 2 | 1032839 | 210328395 | 自科库501/501自科库 79排1列3层/ [索取号:U238/L292] | 在馆 | |
| 3 | 1032840 | 210328402 | 自科二线400A/400A自科库 26排3列1层/ [索取号:U238/L292] | 在馆 |